| 000 | 00663nam a22002057a 4500 | ||
|---|---|---|---|
| 003 | OSt | ||
| 005 | 20151120141957.0 | ||
| 008 | 151110s2015 spcd||| |||| 000 0 spa|d | ||
| 020 | _a9788490649244 | ||
| 040 |
_bcat _cCDMR |
||
| 100 | 1 |
_aCampo, Carlos J. _94561 |
|
| 245 | 1 | 0 |
_aPeriodismo de marcas _b: fundamentos, operativa, transformación empresarial y perspectiva económica _cCarlos J. Campo |
| 260 |
_aBarcelona : _bEditorial UOC, _c2015 |
||
| 300 |
_a274 p. : _bgràf. ; _c24 cm |
||
| 490 | 1 |
_aComunicación ; _v382 |
|
| 650 | 0 |
_aMàrqueting digital _94161 |
|
| 650 | 0 |
_aPlanificació estratègica _94329 |
|
| 650 | 0 | 0 |
_aPeriodisme digital _93076 |
| 942 | _cMON | ||
| 999 |
_c6895 _d6895 |
||